La responsabilidad civil por los daǫs causados por un miembro indeterminado de un grupo

Detalles Bibliográficos
Autor principal: Mr︢tula Lafuente, Virginia
Formato: Desconocido
Lenguaje:español
Publicado: Madrid : Dykinson, D.L. 2005
Materias:
Acceso en línea:Acceso restringido

MARC

LEADER 00000ny a22000003n 4500
005 20110524114214.0
008 051028s2005 sp s 000 0 spa c
017 |a D.L. SE.3357-2005 
020 |a 8497726944 
035 |a 1246 
040 |a UMA.CEE  |d vLex 
040 |a UMA.RE  |d vLex 
080 |a 347.426(460) 
080 |a 347.51(460) 
090 |c 202  |d 202 
100 1 |a Mr︢tula Lafuente, Virginia 
245 1 3 |a La responsabilidad civil por los daǫs causados por un miembro indeterminado de un grupo  |h [Recurso electrn̤ico]  |c Virginia Mr︢tula Lafuente 
256 |a Servicio en ln̕ea 
260 |a Madrid :  |b Dykinson,  |c D.L. 2005 
300 |a 395 p. ;  |c 21 cm 
504 |a Bibliogr.: p. [381]-395 
506 1 |a Contenido solo disponible en los productos indicados  |d vLex Global  |d vLex Global (Academic Edition, excluding Law Schools)  |d vLex Global (U.S. Academic Edition, Law Schools)  |d vLex Global (U.S. Academic Edition, excluding Law Schools)  |d vLex Global (Academic Edition, Law Schools) 
650 0 7 |a Responsabilidad civil  |2 Tesauro vLex 
650 0 7 |a Civil  |2 Tesauro vLex 
740 0 |a vLex Libros (Servicios en ln̕ea) 
856 4 0 |u http://vlex.com/source/1246  |z Acceso restringido 
942 |c BOOK 
999 0 |a Civil Law   |b Madrid